| 000 | 00616nam a2200169 i 4500 | ||
|---|---|---|---|
| 001 | 43494 | ||
| 003 | ES-MaACL | ||
| 005 | 20250807210530.0 | ||
| 007 | t| | ||
| 008 | 030318s1869 sp ||||1| spa d | ||
| 100 | 1 |
_aCastro y Pérez, Francisco Javier de. _936978 |
|
| 245 | 1 | 3 |
_aLa educación de la mujer _b: discurso inaugural de las conferencias dominicales en la Universidad Central el 21 de febrero 1869 / _cFrancisco Javier de Castro y Pérez. |
| 260 |
_aMadrid : _b[s.n., _c1869] ( _fRivadeneyra) |
||
| 650 | 4 |
_aMujeres- _xEducación _912094 |
|
| 852 |
_aES-MaACL _jF-96-F-5 |
||
| 999 |
_c43494 _d43494 |
||